000 00266nam a22000977a 4500
005 20250901165418.0
008 210325b ||||| |||| 00| 0 eng d
050 _aHF6146.I58 .S73 2005
245 _aAdvertising, promotion, and new media
_cSTAFFORD, MARLA R.
942 _2lcc
999 _c3541
_d3541